| 000 | 00602cam a2200229 4500 | ||
|---|---|---|---|
| 001 | J482 | ||
| 008 | 090401t1991 xxu||||| |||| 00| 0 eng d | ||
| 035 | _a(Sirsi) u75246 | ||
| 041 | _aeng | ||
| 050 | _a333.33709424 | ||
| 110 |
_aElliott Son and Boyton _92243 |
||
| 245 | _aWest Midlands office survey. - Autumn 1991. | ||
| 260 |
_aBirmingham _bElliott Son and Boyton _c1991 |
||
| 300 | _a(18)p. : ill. ; 30cm. | ||
| 350 | _a0 | ||
| 650 | _aBIRMINGHAM | ||
| 650 | _aFLOORSPACE STATISTICS | ||
| 650 | _aOFFICES | ||
| 690 | _aPROPERTY-COMMERCIAL PROPERTY | ||
| 942 | _n0 | ||
| 948 | _c04/03/1997 | ||
| 999 |
_c95977 _d95977 |
||